Fr. Conceicao Rodrigues College of Engineering

Will you still love me when i am 64 (Record no. 27067)

MARC details
000 -LEADER
fixed length control field 00266nam a2200121Ia 4500
100 ## - MAIN ENTRY--PERSONAL NAME
Personal name Gerrard/Peter
245 ## - TITLE STATEMENT
Title Will you still love me when i am 64
260 ## - PUBLICATION, DISTRIBUTION, ETC.
Name of publisher, distributor, etc. Gerald Duckworth
Place of publication, distribution, etc. London
Date of publication, distribution, etc. 1985
300 ## - PHYSICAL DESCRIPTION
Extent 185
546 ## - LANGUAGE NOTE
Language note ENGLISH
942 ## - ADDED ENTRY ELEMENTS (KOHA)
Koha item type BOOK
Holdings
Withdrawn status Lost status Damaged status Not for loan Collection Home library Current library Shelving location Date acquired Total Checkouts Full call number Barcode Date last seen Price effective from Koha item type
        CRC Fr. Agnel's C.Rodrigues College of Engineering Fr. Agnel's C.Rodrigues College of Engineering   17/03/2023   2148 17/03/2023 17/03/2023 BOOK